000 00879nam a2200205Ia 4500
003 Ost
005 20260507075634.0
008 260507s9999||||xx |||||||||||||| ||und||
040 _cfsecg
041 _aara
082 _a336.22
100 _aالذنيبات، محمد جمال
_eمؤلف
245 0 _aالضريبة على العقارات المبنية :
_bدراسة مقارنة /
_c محمد جمال الذنيبات
260 _aعمان:
_bالدار العلمية للنشر والتوزيع,
_c2002
300 _a148 صفحة؛
_bإيضاحات ؛
_c24 سم
520 _aأساسيات في ضريبة العقار- نطاق سريان الضريبة- تقدير القيمة الايجارية- الإستثناءات من سريان الضريبة- تسوية الضريبة
653 _aالضرائب
653 _aالعقارات
942 _cكتاب
999 _c45272
_d45272